Ritka ünnepély

Bibliographic Details
Format: Article
Language:Hungarian
Slovak
Subjects:

MARC

LEADER 00000nab a2200000 a 4500
001 vtls000998156
003 SK-MaSNL
005 20260319073934.0
008 040720e18830000xo 0 hun
035 |a RVH766 
040 |a RVGKPD  |b slo  |c RVGKPD  |e AACR2 
041 0 |a slo 
044 |a xo  |c SK 
080 |a 371.1  |2 1981 
245 0 0 |a Ritka ünnepély 
590 |a Faluba, János, 1806-  |b Učiteľ 
600 1 7 |a Faluba, Jáno  |d 1806-  |2 RVGKPD  |9 95812 
650 0 7 |a učitelia  |2 RVGKPD  |9 3995 
650 0 7 |a jubileá pracovné  |2 RVGKPD  |9 1025159 
651 7 |a Šivetice (Slovensko)  |2 RVGKPD  |9 56886 
655 7 |a periodikum  |2 snkbucl  |9 29553 
773 0 8 |t Rozsnyói Hiradó  |g Roč. 6, č.6, 11.02.1883, s. 3 
852 |a ZVYKNI  |b KIS3GCP 
999 |c 1683607  |d 1685537